000 00438nam a2200181Ia 4500
005 20240823011930.0
008 240823s9999||||xx |||||||||||||| ||und||
041 _aENGLISH
082 _A681.2 P2
100 _a"Eckman,Donald P"
245 0 _aIndustrial Instrumentation
250 _a1st
260 _c2002
_b"CBS,New Delhi"
500 _aTRANSFERED
650 _aInstrumentation
_bInstrumentation
942 _cBK
999 _c162949
_d162949